Our iceberg is melting : changing and succeeding under any conditions

Bibliographic Details
Main Authors: Kotter, John (Author), Rathgeber, Holger (Author)
Format: Book
Language:English
Published: New York : St. Martin's Press 2006
Subjects:

MARC

LEADER 00000cam a2200000 7i4500
001 0000019820
005 20241101.0
008 070802 nyua eng
020 |a 0312368526 
040 |a INS   |b eng   |e rda 
090 0 0 |a HD58.8   |b .K672 2006 
100 1 |a Kotter, John ,   |e author 
245 1 0 |a Our iceberg is melting :   |b changing and succeeding under any conditions   |c by John Kotter and Holger Rathgeber 
264 1 |a New York :   |b St. Martin's Press   |c 2006 
264 4 |c ©2006 
300 |a x, 147 pages :   |b illustrations, colour ;   |c 21 cm. 
336 |a text  |2 rdacontent 
337 |a unmediated  |2 rdamedia 
338 |a volume  |2 rdacarrier 
650 0 |a Organizational change 
650 0 |a Organizational effectiveness 
650 0 |a Penguins   |v Fiction 
700 1 |a Rathgeber, Holger ,   |e author 
999 |a 0000018965   |b BOOK   |c Open Shelf   |e Default branch